|
|
|
|
| LEADER |
00000ngm a22000007a 4500 |
| 001 |
030878 |
| 003 |
UAHC_CL |
| 005 |
20170803123252.0 |
| 008 |
121126s2010 cl 130 e vlspa d |
| 040 |
|
|
|a UAHC_CL
|c UAHC_CL
|d UAHC_CL
|
| 245 |
1 |
0 |
|a Godard :
|b ficciones.
|
| 260 |
|
|
|a Francia
|b DVD Video
|
| 300 |
|
|
|a 4 videodisco (min.)
|
| 505 |
0 |
|
|a Contiene:\Disco 1 "La mujer casada". 1964, 91 min.\Disco 2: "Que se salve quien pueda (la vida)". 1979, 85 min.\Disco 3: "Cubre tu derecha. Un lugar sobre la tierra". 1987. 78 min.\Disco 4: "For ever Mozart". 1996. 81 min.
|
| 650 |
|
4 |
|a CINE
|
| 700 |
1 |
|
|a Godard, Jean Luc
|e dir.
|
| 900 |
|
|
|a DVD-599
|
| 942 |
|
|
|c VHS
|
| 952 |
|
|
|0 0
|1 0
|4 0
|6 DVD_599
|7 0
|8 Referencia
|9 60274
|a BC
|b BC
|c Referencia
|d 2017-08-03
|l 4
|m 4
|o DVD-599
|p 1402058
|r 2023-08-16 00:00:00
|s 2022-12-01
|t 1
|w 2017-08-03
|y DVD
|
| 999 |
|
|
|c 30878
|d 30878
|